| 000 | 02429cam a2200553 i 4500 | ||
|---|---|---|---|
| 001 | xx004990552 | ||
| 003 | NUKAT | ||
| 005 | 20260430123913.0 | ||
| 008 | 201106s2020 pl a g |001 0dpol c | ||
| 020 |
_a9788380989535 _q(oprawa twarda) : _czł 50,00 |
||
| 035 | _a(OCoLC)1241602086 | ||
| 035 | _a(NUKAT)xx004990552 | ||
| 040 |
_aKAT U/MP _bpol _erda _cKAT U/MPs _dKAT U/MP _dPOZN U/EMs _dWA M/HB _dWA 14/ABs _dOLSZT 008/bak |
||
| 045 | 2 |
_bd1944 _bd1956 |
|
| 046 | _k2020 | ||
| 100 | 1 |
_aSzczygieł, Rafał. _eAutor _941010 |
|
| 245 | 1 | 0 |
_aUrząd Bezpieczeństwa w Dębicy w latach 1944-1956 / _cRafał Szczygieł. |
| 250 | _aWydanie pierwsze. | ||
| 260 |
_aRzeszów ; _aWarszawa : _bInstytut Pamięci Narodowej. Komisja Ścigania Zbrodni przeciwko Narodowi Polskiemu. Oddział w Rzeszowie, _c2020. |
||
| 300 |
_a511, [1] strona, [16] stron tablic : _bilustracje ; _c24 cm. |
||
| 336 |
_aTekst _btxt _2rdacontent |
||
| 337 |
_aBez urządzenia pośredniczącego _bn _2rdamedia |
||
| 338 |
_aWolumin _bnc _2rdacarrier |
||
| 380 | _aKsiążki | ||
| 380 | _aPublikacje naukowe | ||
| 388 | 1 | _a2001- | |
| 504 | _aBibliogrfia na stronach 447-474. Indeksy. | ||
| 610 | 2 | 7 |
_aPowiatowy Urząd Bezpieczeństwa Publicznego (Dębica) _2DBN _941011 |
| 610 | 1 | 7 |
_aPolska. _bUrząd Bezpieczeństwa. _2kaba _941012 |
| 610 | 1 | 7 |
_aPolska. _bUrząd Bezpieczeństwa _xfunkcjonariusze _vspisy. _2kaba _923845 |
| 610 | 2 | 7 |
_aPowiat Dębicki (Polska). _bPowiatowy Urząd Bezpieczeństwa Publicznego. _2kaba _941013 |
| 648 | 7 |
_a1901-2000 _2DBN _934996 |
|
| 648 | 7 |
_a1939-1945 _2DBN _936042 |
|
| 648 | 7 |
_a1945-1989 _2DBN _936043 |
|
| 650 | 7 |
_aInwigilacja _2DBN _939780 |
|
| 650 | 7 |
_aSłużba bezpieczeństwa _2DBN _936912 |
|
| 650 | 7 |
_aStalinizm _2DBN _935085 |
|
| 650 | 7 |
_aRepresje polityczne _zPolska _zDębica (województwo podkarpackie; region) _y1945-1970. _2kaba _941014 |
|
| 651 | 7 |
_aDębica (woj. podkarpackie) _2DBN _941015 |
|
| 651 | 7 |
_aDębica (woj. podkarpackie ; okolice) _2DBN _941016 |
|
| 651 | 7 |
_aPowiat dębicki (1945-1975) _2DBN _941017 |
|
| 651 | 7 |
_aPolska _y1944-1956 (Okres stalinizmu). _2kaba _912867 |
|
| 655 | 7 |
_aMonografia _2DBN _935240 |
|
| 658 | _aBezpieczeństwo i wojskowość | ||
| 658 | _aHistoria | ||
| 710 | 2 |
_aInstytut Pamięci Narodowej - Komisja Ścigania Zbrodni przeciwko Narodowi Polskiemu. _bOddział (Rzeszów). _eWydawca _4pbl _918362 |
|
| 920 | _a978-83-8098-953-5 (oprawa twarda) : zł 50,00 | ||
| 942 |
_2ddc _cBK_NM |
||
| 999 |
_c27900 _d27900 |
||